Statistics for Bordering Countries With The Same Starting Letter

Click here to take the quiz!

General Stats

  • This quiz has been taken 32 times
  • The average score is 31 of 36

Answer Stats

LetterCountry% Correct
CChad
97%
CChad
97%
EEthiopia
97%
MMorocco
97%
ZZambia
97%
EEritrea
93%
IIran
93%
IIraq
93%
MMali
93%
MMauritania
93%
MMauritania
93%
ZZimbabwe
93%
BBolivia
90%
BBrazil
90%
CCameroon
90%
CCameroon
90%
KKazakhstan
90%
LLithuania
90%
NNiger
90%
NNigeria
90%
CCentral African Republic
87%
CCentral African Republic
87%
GGuinea
87%
KKyrgyzstan
87%
LLatvia
87%
AAzerbaijan
83%
GGuinea Bissau
83%
AArmenia
80%
SSouth Sudan
73%
SSudan
73%
BBenin
70%
MMalawi
70%
MMozambique
70%
BBurkina Faso
67%
BBangladesh
57%
BBurma
43%

Score Distribution

Percentile by Number Answered

Percent of People with Each Score

Your Score History

You have not taken this quiz